Normal view
MARC view
- Picture books for children.
Entry Genre/Form Term
001 - CONTROL NUMBER
- control field: 60660
003 - CONTROL NUMBER IDENTIFIER
- control field: OSt
005 - DATE AND TIME OF LATEST TRANSACTION
- control field: 20181002123317.0
008 - FIXED-LENGTH DATA ELEMENTS
- fixed length control field: 181002|| aca||aabn | a|a d
040 ## - CATALOGING SOURCE
- Original cataloging agency: OSt
- Transcribing agency: OSt
155 ## - HEADING--GENRE/FORM TERM
- Genre/form term: Picture books for children.
670 ## - SOURCE DATA FOUND
- Source citation: Work cat.: (OSt)27316: Lynne Marie. 60652, Hedgehog goes to kindergarten /, c2011.